| 000 | 00664nam a22002177a 4500 | ||
|---|---|---|---|
| 005 | 20251108165452.0 | ||
| 008 | 250721s1991 xx 000 0 ara d | ||
| 082 | 1 | 4 | _aم/811.609/معر |
| 100 | 1 | _aالمعري، أبو علاء | |
| 245 | 1 | 0 | _aشرح ديوان حماسه أبي تمام / |
| 264 | 1 |
_aبيروت : _bدار الغرب اللإسلامي، _c1991. |
|
| 300 | _a2مج | ||
| 650 | 1 | 7 | _aالشعر العربي |
| 650 | 1 | 7 | _aالعصر العباسي |
| 650 | 1 | 7 | _aالتاريخ |
| 650 | 1 | 7 | _aالنقد |
| 650 | 1 | 7 | _aديوان الحماسة |
| 700 | 1 |
_aنقشه، حسين محمد _eمحقق |
|
| 942 |
_2ddc _cREF |
||
| 999 |
_c28669 _d28669 |
||